| 000 | 00755nam a22002171a 4500 | ||
|---|---|---|---|
| 003 | OSt | ||
| 005 | 20110718133351.0 | ||
| 008 | 091005s1993 001 0 eng d | ||
| 020 | _c0.00 | ||
| 040 |
_aNEGST Library - Kenya _bDLC _cDLC _dDLC |
||
| 050 | 4 | _aREF BS 325.L36 1993 | |
| 100 | 1 |
_aInternational Bible Society. _97967 |
|
| 245 | 1 | 0 | _aRaante Cefate : nte ase hov-te na yera n. |
| 260 |
_bSociete Biblique Interna, _c1993. |
||
| 300 | _a586 p. : ill., m. | ||
| 500 | _a"Le Nouveau Testament de la Bible en lama de Togo." - T.p. verso. Includes maps on the end papers. [Africana] | ||
| 600 | 1 | 0 |
_aBible. N.T. Lama. 1993. _97968 |
| 600 | 1 | 0 |
_aLama language - Texts. _97969 |
| 942 |
_2lcc _cART |
||
| 999 |
_c40838 _d40838 |
||